| 000 | 00458nam a22001817a 4500 | ||
|---|---|---|---|
| 003 | BD-DhUL | ||
| 005 | 20170307171046.0 | ||
| 008 | 170307snd. ii ||||| |||| 001 0 eng d | ||
| 040 |
_aBD-DhUL _cBD-DhUL |
||
| 082 |
_a954 _bBOH |
||
| 100 | 1 | 0 | _aBocarro, Antonio |
| 245 | 1 | 0 |
_aHistoria da India / _cAntonio Bocarro, |
| 260 |
_aLisboa : _b, _cnd. |
||
| 300 |
_a374 p. _c25 cm. |
||
| 500 | _aIncludes index | ||
| 650 | 4 | _aIndia - History | |
| 942 |
_2ddc _cREF |
||
| 999 |
_c160756 _d160756 |
||